Sports Quiz

Random Sports or NBA Quiz

NBA Player Coaches Quiz Stats

 Plays Quiz not verified by Sporcle

Score 0/17 Timer 09:00
0 Plays Today
% Correct
Bill Russell
96.2%
Bob Cousy
58.5%
Lenny Wilkens
45.3%
Bob Pettit
39.6%
Dolph Schayes
24.5%
Dave Debusschere
17%
Red Holzman
13.2%
Alex Hannum
7.5%
Chuck Hyatt
5.7%
% Correct
Kevin Loughery
5.7%
Charlie Shipp
5.7%
William Gates
3.8%
Ed Macauley
3.8%
Jack McCracken
3.8%
Bobby McDermott
3.8%
Paul Seymour
3.8%
Bobby Wanzer
3.8%

You're not logged in!

Compare scores with friends on all Sporcle quizzes.
OR
Log In

Show Comments

Extras

Top Quizzes Today


Score Distribution

Your Account Isn't Verified!

In order to create a playlist on Sporcle, you need to verify the email address you used during registration. Go to your Sporcle Settings to finish the process.

Report this User

Report this user for behavior that violates our Community Guidelines.

Details: